000 00305nam a22001337a 4500
008 170704b xxu||||| |||| 00| 0 eng d
020 _a0669044776
041 _aeng
080 _a82
100 _a22
101 _aGJL
245 _aRACISM AND SEXISM IN CORPORATE LIFE
_cFERNANDEZ, J.P
942 _2udc
_cBK
999 _c19880
_d19880